Animals look!

Bibliographic Details
Main Author: Laidlaw, Caroline
Format: Book
Published: Kuala Lumpur : Arus Intelek , 2000
Series:Graded Readers for ERLE (English Language Reinforcement and Enrichment)
Subjects:

MARC

LEADER 00000cam a2200000 7i4500
001 0000006376
005 20151222.0
008 070816
020 |a 9789831502532 
020 |a 9831502531 
090 0 0 |a NH   |b ENG 
100 1 |a Laidlaw, Caroline 
245 1 0 |a Animals look!   |c Caroline Laidlaw 
260 |a Kuala Lumpur :   |b Arus Intelek ,   |c 2000 
300 |a 31pg. :   |b col. ill. 
440 0 |a Graded Readers for ERLE (English Language Reinforcement and Enrichment) 
500 |a Children ages 7-9 years old (orange) 
650 0 |a Junior fiction   |x English   |x Languages 
650 0 |a Natural history 
999 |a 0000980227   |b Book   |c Children Collection   |e Cawangan Pontian 
999 |a 0000980228   |b Book   |c Children Collection   |e Cawangan Bandar Penawar 
999 |a 0000980229   |b Book   |c Children Collection   |e Cawangan Mersing 
999 |a 0000980230   |b Book   |c Children Collection   |e Cawangan Kota Tinggi 
999 |a 0000980231   |b Book   |c Children Collection   |e Cawangan Segamat 
999 |a 0001139159   |b Book   |c Children Collection   |e Cawangan Tangkak 
999 |a 0001139160   |b Book   |c Children Collection   |e Cawangan Pontian 
999 |a 0001139161   |b Book   |c Children Collection   |e Cawangan Mersing 
999 |a 0001139162   |b Book   |c Children Collection   |e Cawangan Bukit Gambir 
999 |a 0001139163   |b Book   |c Children Collection   |e Cawangan Batu Pahat 
999 |a 0001139165   |b Book   |c Children Collection   |e Cawangan Bandar Penawar 
999 |a 0001139166   |b Book   |c Children Collection   |e Cawangan Taman Sri Lambak 
999 |a 0001139168   |b Book   |c Children Collection   |e Cawangan Segamat 
999 |a 0001139493   |b Book   |c Children Collection   |e Cawangan Pontian